1690 1402 1873 1965 1687 1862 1779 1123 1007 1219 1496 1650 1944 1295 1151 1088 1951 1277 1706 1550 1386 1053 1088 1137 1570 1521 1379 1654 1009 1366 1686 1002 1945 1461 1521 1042 1422 1071 1272 1606 1566 1909 1298 1267 1512 1468 1086 1835 1750 1681 1306 1178 1819 1238 1458 1933 1971 1968 1403 1575 1868 1113 1514 1986 1243 1535 1389 1277 1964 1297 1358 1445 1070 1596 1648 1389 1214 1469 1450 1992 1120 1242 1240 1717 1034 1625 1243 1721 1483 1789 1488 1646 1680 1430 1569 1824 1949 1198 1586 BCNSPRNW ULIB Ver.6.0+V

เปลี่ยนเป็นภาษาไทย

Change to English
 แสดงรายละเอียดบรรณานุกรม
  กลับหน้าหลัก

Brief Record : Get Marc (ISO 2709) : E-mail record : QR code < ปิดหน้าต่าง
LEADER : 00000nam 2200000uu 4500
001    13399114355
003     ULIB
008    110627s||||||||th 000 0 tha d
020    9789748327747
090    นว.^bค949ส ล.5
100 0  หวัง ซุก หยัง
245 00 สามก๊ก 5 ตอน ผู้ยิ่งใหญ่แห่งกังตั๋ง/^cหวัง ซุก หยัง
250    พิมพ์ครั้งที่ 1
260    กรุงเทพฯ :^bนานมีบุ๊คส์,^c2551
300    176 หน้า
710 1  นานมีบุ๊คส์
945    ^p158^l0^i024705
995    ทศพร
999 ^a ใช้งานได้ทุกระบบ
รายการนี้ยังไม่มีแท็ก
คุณยังไม่ได้ล็อกอิน คุณสามารถมีกิจกรรมร่วมกับเว็บไซต์ได้ แต่ต้องล็อกอินก่อน ::
  ล็อกอิน

รายการสื่อสารสนเทศ

ลำดับที่ ประเภท เลขเรียก/บาร์โค้ด สถานที่ สถานะ
1. นวนิยาย
นวนิยาย
นว. ค949ส ล.5 ฉ.1 
  Barcode: 024705
ห้องสมุดวิทยาเขตสวรรค์ประชารักษ์
►นวนิยาย
บนชั้น
  ขอยืม

รายการใกล้เคียง
    ผู้แต่ง [หวัง ซุก หยัง]

BibComment


ยังไม่เคยถูกคอมเมนท์

คอมเมนท์ทรัพยากรรายการนี้
  คอมเมนท์: สามก๊ก 5 ตอน ผู้ย..


 Copyright 2026. Bcnsprnw @Library